书目信息 |
| 题名: |
通用变频器及其应用
|
|
| 作者: | 韩安荣 主编 | |
| 分册: | ||
| 出版信息: | 北京 机械工业出版社 2000.06 |
|
| 页数: | 503页 | |
| 开本: | 20cm | |
| 丛书名: | ||
| 单 册: | ||
| 中图分类: | TN772 | |
| 科图分类: | ||
| 主题词: | 倍频器 , 分频器 , 变频器 | |
| 电子资源: | ||
| ISBN: | 7-111-04766-4 | |
| 000 | 00609nam0 2200217 45 | |
| 001 | 0235662435 | |
| 005 | 2002041109542196 | |
| 010 | @a7-111-04766-4@dRMB 28.00 | |
| 100 | @a20020411d2000 km y0chiy0120 ea | |
| 101 | 0 | @achi |
| 102 | @aCN@b110000 | |
| 200 | 1 | @a通用变频器及其应用@ATong Yong Bian Pin Qi Ji Qi Ying Yong@f韩安荣主编@FHan An Rong Zhu Bian |
| 210 | @a北京@c机械工业出版社@d2000.06 | |
| 215 | @a503页@d20cm | |
| 606 | 0 | @a倍频器 |
| 606 | 0 | @a分频器 |
| 606 | 0 | @a变频器 |
| 690 | @aTN772@v3 | |
| 701 | 0 | @a韩安荣@AHan An Rong@4主编 |
| 801 | 0 | @aCN@bPFT@c20020411 |
| 905 | @a安徽大学@dTN772@eH075 | |
| 通用变频器及其应用/韩安荣主编.-北京:机械工业出版社,2000.06 |
| 503页;20cm |
| ISBN 7-111-04766-4:RMB 28.00 |
| ● |
| 相关链接 |
|
|
|
正题名:通用变频器及其应用
索取号:TN772/H075
 
预约/预借
| 序号 | 登录号 | 条形码 | 馆藏地/架位号 | 状态 | 备注 |
| 1 | 353421 | 203534210 | 自科库301/301自科库 24排2列1层/ [索取号:TN772/H075] | 在馆 | |
| 2 | 353422 | 203534229 | 自科库301/301自科库 31排4列3层/ [索取号:TN772/H075] | 在馆 |